The proteins: composition, structure, and function

সংরক্ষণ করুন:
গ্রন্থ-পঞ্জীর বিবরন
প্রধান লেখক: Neurath, Hans (Author)
বিন্যাস: গ্রন্থ
ভাষা:ইংরেজি
প্রকাশিত: Nueva York Academic Press Inc 1966
সংস্করন:2a. ed
বিষয়গুলি:
ট্যাগগুলো: ট্যাগ যুক্ত করুন
কোনো ট্যাগ নেই, প্রথমজন হিসাবে ট্যাগ করুন!

MARC

LEADER 00000nam a2200000 a 4500
001 UCG3144
003 CL-VaPUC
008 100812e19660000US |||||||||||||||||eng|d
082 0 4 |a 572.6  |b NEU  |2 21 
100 |a Neurath, Hans  |e author  |9 618055 
245 1 4 |a The proteins: composition, structure, and function 
250 |a 2a. ed 
300 |a v 
942 |c BK 
945 |d 20100812 00:00:00  |a mfarfan 
260 |a Nueva York  |b Academic Press Inc  |c 1966 
650 7 |a PROTEINAS  |2 CL-VaPUC  |9 552055 
650 7 |a ESTRUCTURA  |2 CL-VaPUC  |9 355242 
583 |a last modification  |c 20100812 00:00:00  |k Rodrigo Vera 
999 |c 342237  |d 342235